000 00585cam a22002053a 4500
001 45849
003 PGUSA
005 20140828084051.0
008 140531s2014||||xxu|||||s|||||000 | eng d
040 _aPGUSA
_beng
042 _adc
100 1 _aKing, Edmund Fillingham
245 1 0 _aTen Thousand Wonderful Things
_h[electronic resource] /
_cEdmund Fillingham King
260 _bProject Gutenberg,
_c2014
506 _aPublic domain in the USA.
516 _aElectronic text
830 0 _aProject Gutenberg
_v45849
856 4 0 _uhttp://www.gutenberg.org/ebooks/45849
942 _cEB
999 _c275099
_d275099